Neuvostoliiton suurimmat kaupungit - Statistics

Yleistilastot
  • Tätä visaa on pelattu 395 kertaa
  • Keskiarvotulos 14 / 25
Vastaukset kartalla
Vastauksille on annettu kartalla punavihreä väri sen mukaan, kuinka moni on saanut sen oikein.
 
Vastaustilastot
Väkiluku Kaupunki % Oikein
5 023 500 Leningrad (Pietari)
99%
8 967 332 Moskova
99%
2 587 945 Kiova
94%
915 106 Riika
92%
1 607 000 Minsk
90%
1 150 055 Baku
71%
1 115 371 Odessa
69%
1 022 578 Volgograd
68%
1 259 692 Tbilisi
65%
1 593 970 Harkova
64%
1 100 372 Jerevan
57%
1 109 100 Donetsk
55%
1 071 900 Alma-Ata (Almaty)
47%
2 079 000 Taškent
47%
1 364 621 Sverdlovsk (Jekaterinburg)
46%
1 094 378 Kazan
44%
1 436 516 Novosibirsk
41%
1 148 418 Omsk
41%
1 019 305 Donin Rostov
39%
1 082 052 Ufa
37%
1 438 133 Gorki (Nižni Novgorod)
36%
1 178 000 Dnipropetrovsk (Dnipro)
32%
1 254 460 Kuibyšev (Samara)
31%
1 141 777 Tšeljabinsk
28%
1 090 944 Perm
26%
Ehtoja vastaavia visoja ei löytynyt
Tulosjakauma
Jokaisen tuloksen saaneiden osuus
Persentiili vastausten määrän mukaan
Tuloshistoriasi
Et ole pelannut tätä visaa